| 000 | 01053nam a2200361 a 4500 | ||
|---|---|---|---|
| 003 | AR-BaBNM | ||
| 005 | 20251128204447.0 | ||
| 008 | 082120s2002 ||||||||||||||000 | spa|| | ||
| 020 | _a950-13-6126-8 | ||
| 040 | _cAR-BaBNM | ||
| 100 | 1 | _aGloton, Robert | |
| 245 | 0 | 0 | _aEl establecimiento escolar, unidad educativa |
| 260 |
_aBuenos Aires _bKapelusz _c1985 |
||
| 300 | _a189 p. | ||
| 490 | 0 | _aBiblioteca de cultura pedagógica. Organización y administración escolar | |
| 500 | _aTraducción de Demetrio Náñez | ||
| 650 | 4 | _aESCUELAS ACTIVAS | |
| 650 | 4 | _aOBJETIVOS EDUCACIONALES | |
| 650 | 4 | _aAPRENDIZAJE | |
| 650 | 4 | _aEQUIPO EDUCACIONAL | |
| 650 | 4 | _aCLUBES | |
| 650 | 4 | _aBIBLIOTECAS ESCOLARES | |
| 650 | 4 | _aUNIDADES DE ENSEÑANZA | |
| 650 | 4 | _aBUROCRACIA | |
| 650 | 4 | _aPAPEL DE LA ESCUELA | |
| 650 | 4 | _aPAPEL DE LOS PADRES | |
| 650 | 4 | _aRELACION ESCUELA-COMUNIDAD | |
| 653 | _aESTABLECIMIENTOS EDUCATIVOS | ||
| 653 | _aFRACASO ESCOLAR | ||
| 800 | 1 |
_aTedesco, Juan Carlos _edirector |
|
| 942 | _cBK | ||
| 998 | _cCarmen | ||
| 999 |
_c7514 _d7514 |
||